000 00371 a2200169 4500
001 190061
020 _a85-06-03132-X
040 _cMagnum
100 _aUnited Ations Environment Programme (Unep)
240 1 0 _aPachamama
_lpor
245 1 0 _aPachamama
300 _a95
362 0 _a2001
440 1 _aMelhoramentos
697 _aCIÊNCIAS AMBIENTAIS
942 _cBK
999 _c190061
_d190061